Pays les plus dangereux du monde - Statistiques

Statistiques générales
  • Ce quiz a été pris 2 501 fois
  • Le résultat moyen est 8 sur 15
Statistiques - réponses
Hint Réponse % Correct
2 Irak
81%
1 Syrie
76%
5 Afghanistan
74%
13 Mexique
72%
10 Brésil
67%
7 Corée du Nord
64%
4 Pakistan
56%
9 Venezuela
49%
3 Libye
41%
8 Haiti
35%
6 Nigeria
35%
12 Salvador
32%
15 Turquie
31%
11 Honduras
30%
14 Philippines
14%
Aucun quiz correspondant
Distribution des résultats
% des personnes avec chaque résultat
Percentile par nombre de réponses
Votre historique - résultats
Vous n’avez pas pris ce quiz